000 00389pab a2200145 454500
008 180718b1988 xxu||||| |||| 00| 0 eng d
100 _aThomas, Janet
245 _aWomen and capitalism
_bOppression or emanicipation? a review article
260 _c1988
300 _a534-49
362 _aJul.
650 _aWomen
773 _aComparative Studies in Society and History
909 _a20800
999 _c20800
_d20800